000
00200 a2200097 4500
001
4926
100
_a
Callow,AB
245
_a
Cooking & Natritive value
260
_a
_b
Oxford
_c
090
_c
4111
_d
4111
942
_a
NUST-CAE
_c
M
_c
30392
999
_c
239999
_d
239999